| 000 | 00769nam a22002292 4500 | ||
|---|---|---|---|
| 001 | 0000004657 | ||
| 005 | 20151217145820.0 | ||
| 008 | 070528s xx 000 0 eng d | ||
| 020 |
_a0582253578 : _cGBP 47.69 |
||
| 040 |
_aKABU _cKABU |
||
| 050 | 0 |
_aQH541.15 _b.M64A53 |
|
| 245 | 1 | 0 |
_aAnalytical methods for environmental monitoring / _ced. by Rafi Ahmad, Michael Cartwright, Frank Taylor. |
| 260 |
_aHarlow, England : _bPearson Educ., _c2001. |
||
| 300 | _axix, 317 p. | ||
| 650 | 0 |
_aEnvironmental monitoring _xMethodology. _@0000155321 |
|
| 700 | 1 |
_aTaylor, Frank. _@0000155322 |
|
| 700 | 1 |
_aCartwright, Michael. _@0000155323 |
|
| 700 | 1 |
_aAhmad, Rafi. _@0000155324 |
|
| 908 | _a070528 | ||
| 950 | _@1 | ||
| 999 |
_c2855 _d2855 |
||